Statistics for Top Transfers Since 2000

Click here to take the quiz!

General Stats

  • This quiz has been taken 54 times
  • The average score is 17 of 25

Answer Stats

SeasonPriceFromToPlayer (Answer)% Correct
2018-19€180 MillionMonacoParis Saint-GermainKylian Mbappé
96%
2017-18€222 MillionBarcelonaParis Saint-GermainNeymar
96%
2009-10€94 MillionManchester UnitedReal MadridCristiano Ronaldo
92%
2023-24€116.5 MillionWest Ham UnitedArsenalDeclan Rice
88%
2015-16€76 MillionWolfsburgManchester CityKevin De Bruyne
88%
2021-22€117.5 MillionAston VillaManchester CityJack Grealish
86%
2016-17€105 MillionJuventusManchester UnitedPaul Pogba
86%
2013-14€101 MillionTottenham HotspurReal MadridGareth Bale
80%
2001-02€77.5 MillionJuventusReal MadridZinedine Zidane
80%
2019-20€127 MillionBenficaAtletico MadridJoão Félix
78%
2004-05€38.5 MillionOlympique MarseilleChelseaDidier Drogba
76%
2022-23€121 MillionBenficaChelseaEnzo Fernandez
73%
2000-01€60 MillionBarcelonaReal MadridLuís Figo
71%
2014-15€82 MillionLiverpoolBarcelonaLuis Suárez
71%
2010-11€58.5 MillionLiverpoolChelseaFernando Torres
67%
2007-08€38 MillionAtletico MadridLiverpoolFernando Torres
67%
2003-04€37.5 MillionManchester UnitedReal MadridDavid Beckham
65%
2012-13€42 MillionAC MilanParis Saint-GermainThiago Silva
55%
2006-07€44 MillionAC MilanChelseaAndriy Shevchenko
51%
2008-09€43 MillionReal MadridManchester CityRobinho
51%
2002-03€46 MillionLeeds UnitedManchester UnitedRio Ferdinand
45%
2011-12€42 MillionPalermoParis Saint-GermainJavier Pastore
35%
2005-06€38 MillionOlympique LyonChelseaMichael Essien
35%
1999-00€46.5 MillionLazioInter MilanChristian Vieri
27%
2020-21€80.5 MillionBarcelonaJuventusArthur Melo
24%

Score Distribution

Percentile by Number Answered

Percent of People with Each Score

Your Score History

You have not taken this quiz